00582nam 22001693 4500001000700000021000700007100004100014200005100055210003800106215002900144300010500173606002600278675002900304700003200333801001800365830002900383202860 aPT a20260703d u||y0pory50 ba aGuerrilha urbanafCunha de Leiradellaeromance aSão PaulocClube do Livrod1989 a231 p. cbrochadod21 cm aContém dedicatória na folha de guarda Vencedor do Prémio Nacional Clube do Livro de Literatura aLiteratura Portuguesa a821.134.3-3"19"vPTzpor aLeiradellabCunha def1934- aPTbBMMNgRPC cAna FalardofAna Falardo